00214nam a2200073Ia 4500008004100000082000800041100001800049245007300067240331s9999 xx 000 0 und d bJAY aJayawardena,K 0aDr.Mary Ratnam :ba Canadian Pioneer for Women's Rights in Sri Lanka